书目信息 |
| 题名: |
保护生物学研究
|
|
| 作者: | 孟秀祥 , 冯金朝 , 周宜君 主编 | |
| 分册: | ||
| 出版信息: | 北京 中央民族大学出版社 2004.07 |
|
| 页数: | 265页 | |
| 开本: | 21cm | |
| 丛书名: | ||
| 单 册: | ||
| 中图分类: | Q16-43 | |
| 科图分类: | ||
| 主题词: | 生物多样性--sheng wu duo yang xing--保护--研究--高等学校--教材 | |
| 电子资源: | ||
| ISBN: | 7-81056-899-X | |
| 000 | 01017nam0 2200277 450 | |
| 001 | 012006538072 | |
| 005 | 20070531152733.53 | |
| 010 | @a7-81056-899-X@dCNY18.00 | |
| 100 | @a20061230d2004 km y0chiy0120 ea | |
| 101 | 0 | @achi |
| 102 | @aCN@b110000 | |
| 105 | @aa a 000yy | |
| 200 | 1 | @a保护生物学研究@Abao hu sheng wu xue yan jiu@f孟秀祥 ... [等]主编@Fmeng xiu xiang...[deng]zhu bian |
| 210 | @a北京@c中央民族大学出版社@d2004.07 | |
| 215 | @a265页@c图@d21cm | |
| 304 | @a本书著者还有:冯金朝, 周宜君, 刘丙万 | |
| 320 | @a有书目。 | |
| 330 | @a本书详细介绍依据生物学的基本原理及相关研究热点,介绍保护生物学原理及研究方法在生物多样性保护中的实际应用等。 | |
| 333 | @a中央民族大学国家"211工程"建设资助项目, 创新教材 | |
| 606 | 0 | @a生物多样性@Asheng wu duo yang xing@x保护@x研究@x高等学校@j教材 |
| 690 | @aQ16-43@v4 | |
| 701 | 0 | @a孟秀祥@Ameng xiu xiang@4主编 |
| 701 | 0 | @a冯金朝@Afeng jin chao@4主编 |
| 701 | 0 | @a周宜君@Azhou yi jun@4主编 |
| 801 | 0 | @aCN@c20070531 |
| 905 | @b233161-62@dQ16-43@eM622 | |
| 保护生物学研究/孟秀祥 ... [等]主编.-北京:中央民族大学出版社,2004.07 |
| 265页:图;21cm |
| 使用对象:中央民族大学国家"211工程"建设资助项目, 创新教材 |
| ISBN 7-81056-899-X:CNY18.00 |
| 本书详细介绍依据生物学的基本原理及相关研究热点,介绍保护生物学原理及研究方法在生物多样性保护中的实际应用等。 |
| ● |
| 相关链接 |
|
|
|
正题名:保护生物学研究
索取号:Q16-43/M622
 
预约/预借
| 序号 | 登录号 | 条形码 | 馆藏地/架位号 | 状态 | 备注 |
| 1 | 233161 | 202331618 | 自科库401/401自科库 26排2列2层/ [索取号:Q16-43/M622] | 在馆 | |
| 2 | 233162 | 202331627 | 自科库401/401自科库 26排2列2层/ [索取号:Q16-43/M622] | 在馆 |